100 Actrices Françaises - Statistiques

Statistiques générales
  • Ce quiz a été pris 1 027 fois
  • Le résultat moyen est 35 sur 100
Statistiques - réponses
Œuvres Auteur % Correct
La Boum, Braveheart, Le Monde ne suffit pas Sophie Marceau
94%
Taxi, Inception, La Môme Marion Cotillard
85%
Le Dernier Métro, Peau d'âne, Indochine Catherine Deneuve
80%
Le Fabuleux Destin d'Amélie Poulain, Da Vinci Code, Un long dimanche de fiançailles Audrey Tautou
76%
Gazon maudit, Nuit d'ivresse, Tout le monde n'a pas eu la chance d'avoir des parents communistes Josiane Balasko
69%
Changement d'adresse, Vilaine, Les Nuits rouges du Bourreau de Jade Frédérique Bel
65%
La Reine Margot, L'Histoire d'Adèle H., L'Eté meurtrier Isabelle Adjani
64%
Les Visiteurs, Palais Royal !, L'Opération Corned-Beef Valérie Lemercier
62%
Ma femme est une actrice, Antichrist, Prête-moi ta main Charlotte Gainsbourg
61%
Et Dieu... créa la femme, La Vérité, Viva Maria ! Brigitte Bardot
60%
Manon des Sources, Mission Impossible, La Belle Noiseuse Emmanuelle Béart
60%
Huit Femmes, Elle, Violette Nozière Isabelle Huppert
60%
La Fille sur le Pont, Elisa, L'Arnacoeur Vanessa Paradis
60%
Les Tuche, Astérix et Obélix : Mission Cléopâtre, Les Profs Isabelle Nanty
59%
La Vie d'Adèle, Les Enfants de Timpelbach, Orpheline Adèle Exarchopoulos
58%
Les Bronzés, Les Visiteurs, La Vengeance d'une blonde Marie-Anne Chazel
58%
Le Père Noël est une ordure, Le Grand Chemin, Péril en la demeure Anémone
56%
OSS 117 : Le Caire nid d'espions, The Artist, Le Passé Bérénice Béjo
56%
Spectre, La Belle Personne, Mission Impossible : Protocole Fantôme Léa Seydoux
56%
Casino Royale, Miss Peregrine et les enfants particuliers, Innoncents: The Dreamers Eva Green
53%
Les Valseuses, La Dérobade, Tenue de soirée Miou-Miou
53%
Polisse, RRRrrrr!!!, La Tour Montparnasse Infernale Marina Foïs
52%
Le Hussard sur le toit, Le Patient anglais, Trois couleurs : Bleu Juliette Binoche
51%
Les Randonneurs, La Famille Bélier, Haut les cœurs ! Karin Viard
51%
Pédale douce, La Femme d'à côté, Ridicule Fanny Ardant
50%
La Cité de la peur, Qu'est-ce-qu'on a fait au Bon Dieu ?, Laisse tes mains sur mes hanches Chantal Lauby
48%
Sauve qui peut (la vie), La Balance, Vénus Beauté (Institut) Nathalie Baye
48%
Je vais bien ne t'en fais pas, Dikkenek, Inglourious Basterds Mélanie Laurent
46%
Casque d'or, La Vie devant soi, Le Chat Simone Signoret
46%
Rien que pour vos yeux, Rive droite rive gauche, Trop belle pour toi Carole Bouquet
45%
Tout ce qui brille, Sur la piste du Marsupilami, Coursier Géraldine Nakache
45%
Camping, Harry un ami qui vous veut du bien, Une hirondelle a fait le printemps Mathilde Seigner
45%
Nos jours heureux, Vilaine, Les nouvelles aventures de Cendrillon Marilou Berry
44%
Touchez pas au grisbi, Jules et Jim, Ascenseur pour l'échafaud Jeanne Moreau
43%
Intouchables, Mais qui a retué Pamela Rose ?, Le Fantôme de Canterville Audrey Fleurot
41%
37°2 le matin, Trouble Every Day, Truands Béatrice Dalle
41%
Un air de famille, Le Dîner de cons, La Dilettante Catherine Frot
41%
Le Scaphandre et le Papillon, Le Vénus à la fourrure, J'accuse Emmanuelle Seigner
41%
9 mois ferme, Le Septième Ciel, Mademoiselle Chambon Sandrine Kiberlain
41%
Tanguy, Smoking/No Smoking, Mélo Sabine Azéma
40%
Sans toi ni loi, La Cérémonie, Monsieur Hire Sandrine Bonnaire
39%
La Plage, L'Eau froide, L'Emmerdeur Virginie Ledoyen
39%
Rocco et ses frères, Vivre pour vivre, La Zizanie Annie Girardot
38%
Papy fait de la résistance, Inspecteur la Bavure, Les Bronzés font du ski Dominique Lavanant
38%
La Ch'tite Famille, Eyjafjallajökull, Les Petits Mouchoirs Valérie Bonneton
36%
Astérix et Obélix contre César, Les Âmes fortes, L'Incroyable Histoire du facteur Cheval Laetitia Casta
34%
Nikita, L'Homme au masque de fer, Girls Anne Parillaud
33%
Qu'est-ce-qu'on a fait au bon Dieu ?, Alibi.com, Nicky Larson et le parfum de Cupidon Elodie Fontan
32%
L'amour dure trois ans, La Fille de Monaco, Les Aventures extraordinaires d'Adèle Blanc-Sec Louise Bourgoin
31%
Les Diables, 120 battements par minute, En liberté ! Adèle Haenel
29%
Le Placard, Serial Lover, La Maison du bonheur Michèle Laroque
29%
Safari, Le Prénom, Comme t'y es belle ! Valérie Benguigui
29%
Cuisine et Dépendances, On connaît la chanson, Le Rôle de sa vie Agnès Jaoui
28%
Harry Potter et la Coupe de Feu, Le Grand Meaulnes, Bons Baisers de Bruges Clémence Poésy
28%
L'Ennemi public n°1, Swimming Pool, Peter Pan Ludivine Sagnier
28%
Les Enfants du marais, Se souvenir des belles choses, Les Emotifs anonymes Isabelle Carré
27%
Le Quai des brumes, La Symphonie pastorale, Les Grandes Manœuvres Michèle Morgan
27%
Le Passager de la pluie, Alexandre le Bienheureux, Les Mariés de l'an II Marlène Jobert
26%
Sagan, Les Blessures assassines, Stupeur et Tremblements Sylvie Testud
26%
Sur mes lèvres, Comment je me suis disputé...(ma vie sexuelle), Rois et Reine Emmanuelle Devos
25%
Un Indien dans la Ville, L'Ennui, Amazone Arielle Dombasle
24%
Brice de Nice, La Vie rêvée des anges, Pupille Elodie Bouchez
24%
Le Dernier pour la route, Babylon A.D, Quasimodo d'El Paris Mélanie Thierry
24%
Les Nuits fauves, L'Accompagnatrice, Rimbaud Verlaine Romane Bohringer
23%
Podium, Je suis un no man's land, Les Femmes de l'ombre Julie Depardieu
22%
Jusqu'à la garde, Coluche : L'Histoire d'un mec, L'homme de sa vie Léa Drucker
21%
Fantômas, Bonjour Tristesse, Les Trois Mousquetaires Mylène Demongeot
21%
D'amour et d'eau fraîche, Alice et le Maire, Les Grandes Personnes Anaïs Demoustier
20%
Un éléphant ça trompe énormément, Bobby Deerfield, Les Malheurs d'Alfred Anny Duperey
20%
L'Auberge espagnole, La Désenchantée, Potiche Judith Godrèche
20%
Le Patient anglais, L'Homme qui murmurait à l'oreille des chevaux, Largo Winch Kristin Scott Thomas
20%
La Doublure, Paris-Manhattan, Le Cactus Alice Taglioni
19%
Bienvenue chez les Ch'tis, Incognito, Il reste du jambon ? Anne Marivin
19%
La Villa, Marius et Jeannette, Les Neiges du Kilimandjaro Ariane Ascaride
19%
Monsieur et Madame Adelman, Le Jeu, La Belle Epoque Doria Tillier
19%
La Vérite si je mens !, De battre mon cœur s'est arrêté, La Faute à Voltaire Aure Atika
18%
Les Bonnes Femmes, La Maman et la Putain, Paulette Bernadette Lafont
18%
Série noire, ...Comme elle respire, Le Prince du Pacifique Marie Trintignant
18%
Lola, La dolce vita, Huit et demi Anouk Aimée
17%
Le Maître d'école, Les Aristos, Les Sous-doués en vacances Charlotte de Turckheim
17%
Hiroshima mon amour, Thérèse Desqueyroux, Amour Emmanuelle Riva
17%
Barbara, J'ai horreur de l'amour, Va savoir Jeanne Balibar
17%
La French, La Fleur du mal, RTT Mélanie Doutey
17%
Trois couleurs : Blanc, La Passion Béatrice, Before Sunrise Julie Delpy
16%
Gainsbourg vie héroïque, Hell, Suzanne Sara Forestier
16%
Tchao Pantin, Un moment d'égarement, Ca n'empêche pas les sentiments Agnès Soral
15%
La Demoiselle d'honneur, Les Corps impatients, Yves Saint Laurent Laura Smet
15%
Le Cœur des Hommes, La Beuze, Déjà mort Zoé Félix
14%
Les Misérables, Les Braqueuses, Nocturne indien Clémentine Célarié
13%
Delphine 1 Yvan 0, Nos plus belles vacances, Sélect Hôtel Julie Gayet
13%
La Crise, Ma petite entreprise, Narco Zabou Breitman
13%
Bamako, L'Ecume des Jours, Bienvenue à Marly-Gomont Aïssa Maïga
12%
Espace Détente, Fatal, Neuilly sa mère ! Armelle
12%
Van Gogh, Modigliani, Il y a longtemps que je t'aime Elsa Zylberstein
12%
Mic-macs à tire-larigot, L'Arnacoeur, Les Naufragés Julie Ferrier
11%
Quantum of Solace, Max Payne, Hitman Olga Kurylenko
10%
Fanfan la Tulipe, Le Raid, Mutants Hélène de Fougerolles
9%
Le Petit Criminel, L'Ombre des femmes, La Parenthèse enchantée Clotilde Courau
8%
Coco, Une pure affaire, Nous finirons ensemble Pascale Arbillot
8%
Les Kaïra, Les Gardiens de la Galaxie vol.2, Avengers: Endgame Pom Klementieff
8%
Aucun quiz correspondant
Distribution des résultats
% des personnes avec chaque résultat
Percentile par nombre de réponses
Votre historique - résultats
Vous n’avez pas pris ce quiz